书目信息 |
| 题名: |
旅游饭店客房服务实训教程
|
|
| 作者: | 陈雪琼 主编 | |
| 分册: | ||
| 出版信息: | 福州 福建人民出版社 2002 |
|
| 页数: | 211页 | |
| 开本: | 24cm | |
| 丛书名: | 高职高专旅游专业实训教程系列 | |
| 单 册: | ||
| 中图分类: | F719.2 | |
| 科图分类: | ||
| 主题词: | 旅游饭店 , 商业服务 , 旅游饭店--商业服务--高等教育--教材 | |
| 电子资源: | ||
| ISBN: | 7-211-04233-8 | |
| 000 | 01108nam0 2200301 450 | |
| 001 | 05002306024 | |
| 005 | 20051213090750.43 | |
| 010 | @a7-211-04233-8@dCNY19.00 | |
| 092 | @aCN | |
| 100 | @a20041029e20042002ekmy0chiy0120 ea | |
| 101 | 0 | @achi |
| 102 | @aCN@b350000 | |
| 105 | @aak az 000yy | |
| 200 | 1 | @a旅游饭店客房服务实训教程@9lv you fan dian ke fang fu wu shi xun jiao cheng@f陈雪琼主编@Fchen xue qiong zhu bian |
| 210 | @a福州@c福建人民出版社@d2002@h2004重印 | |
| 215 | @a211页@c图@d24cm | |
| 225 | @a高职高专旅游专业实训教程系列@f黄安民主编 | |
| 320 | @a有书目 | |
| 330 | @a本书将旅游饭店客房服务中应掌握的服务技能分解组合为二十七个实训项目,每一个实训项目按照:实训安排、实训准备、实训操作流程、实训操作规范、测试、思考题六个部分的体例进行编写。 | |
| 410 | 0 | @12001 @a高职高专旅游专业实训教程系列@1701 0@a黄安民@Ahuang an min@4主编 |
| 606 | 0 | @a旅游饭店 |
| 606 | 0 | @a商业服务 |
| 606 | 0 | @a旅游饭店@x商业服务@x高等教育@j教材 |
| 690 | @aF719.2@v4 | |
| 701 | 0 | @a陈雪琼@Achen xue qiong@4主编 |
| 801 | 0 | @aCN@bCXYBOOK@c20051213 |
| 905 | @a10447@dF719.2@e115 | |
| 999 | @aHSJ@eJDD | |
| 旅游饭店客房服务实训教程/陈雪琼主编.-福州:福建人民出版社,2002(2004重印) |
| 211页:图;24cm.-(高职高专旅游专业实训教程系列/黄安民主编) |
| ISBN 7-211-04233-8:CNY19.00 |
| 本书将旅游饭店客房服务中应掌握的服务技能分解组合为二十七个实训项目,每一个实训项目按照:实训安排、实训准备、实训操作流程、实训操作规范、测试、思考题六个部分的体例进行编写。 |
| ● |
| 相关链接 |
|
|
|
|
正题名:旅游饭店客房服务实训教程
索取号:F719.2/115
 
预约/预借
| 序号 | 登录号 | 条形码 | 馆藏地/架位号 | 状态 | 备注 |
| 1 | 0371020 | 203710207 | 第一样本阅览室/ [索取号:F719.2/115] | 在馆 | |
| 2 | 0371021 | 203710216 | 第一借阅区/ [索取号:F719.2/115] | 在馆 | |
| 3 | 0371022 | 203710225 | 第一借阅区/ [索取号:F719.2/115] | 在馆 | |
| 4 | 0371023 | 203710234 | 第一借阅区/ [索取号:F719.2/115] | 在馆 | |
| 5 | 0371024 | 203710243 | 第一借阅区/ [索取号:F719.2/115] | 在馆 |